Textile Creativity Through Nature: Felt Texture & Stitch (Record no. 362373)

MARC details
000 -LEADER
fixed length control field 00661nam a22001937a 4500
005 - DATE AND TIME OF LATEST TRANSACTION
control field 20241227145247.0
008 - FIXED-LENGTH DATA ELEMENTS--GENERAL INFORMATION
fixed length control field 241226b |||||||| |||| 00| 0 eng d
020 ## - INTERNATIONAL STANDARD BOOK NUMBER
International Standard Book Number 9781849947732
041 ## - LANGUAGE CODE
Language code of text/sound track or separate title Eng
082 ## - DEWEY DECIMAL CLASSIFICATION NUMBER
Classification number 746
Item number APP
100 ## - MAIN ENTRY--PERSONAL NAME
Author Appleton Jeanette
245 ## - TITLE STATEMENT
Title Textile Creativity Through Nature: Felt Texture & Stitch
260 ## - PUBLICATION, DISTRIBUTION, ETC.
Place of publication, distribution, etc. United Kingdom
Name of publisher, distributor, etc. Batsford
Date of publication, distribution, etc. 2023
300 ## - PHYSICAL DESCRIPTION
Extent 128
365 ## - TRADE PRICE
Price amount 2077.50
Currency code Rs.00
520 ## - SUMMARY, ETC.
Summary, etc. 1. What way? Maps and sketchbooks<br/>2. Stitching over the past<br/>3. Bonding memories<br/>4. Cutting and repairing<br/>5. Words as inspiration<br/>6. Gathering the research<br/>7. Essence<br/>
650 ## - SUBJECT ADDED ENTRY--TOPICAL TERM
Topical term or geographic name entry element Textile
942 ## - ADDED ENTRY ELEMENTS (KOHA)
Koha item type Books
Holdings
Withdrawn status Lost status Source of classification or shelving scheme Damaged status Not for loan Home library Current library Date acquired Vendor Net Price Bill number Total Checkouts Full call number Barcode Date last seen Discount Actual Price Bill Date Koha item type
    Dewey Decimal Classification     School of Fashion Technology School of Fashion Technology 06/12/2024 Design Book Studio 2077.50 321/24-25   746 APP SOFT-BK-4265 26/12/2024 20% 2770.00 02/12/2024 Books